[Event "English Open Championship 2024"]
[Site "Holiday Inn, 212 Abbey End, Kenilworth CV8 1ED, United Kingdom"]
[Date "2024.06.21"]
[Round "3.11"]
[White "Atako, Chino C"]
[Black "Badacsonyi, Stanley"]
[Result "1/2-1/2"]
[TimeControl "G90 + 30secs/move"]
[WhiteFideId "468649"]
[BlackFideId "486973"]
[WhiteElo "2003"]
[BlackElo "2132"]

1. d4 {[%clk 01:30:37]} {[%emt 00:00:22]} Nf6 {[%clk 01:30:53]} {[%emt
00:00:08]} 2. c4 {[%clk 01:30:51]} {[%emt 00:00:16]} c5 {[%clk 01:31:19]}
{[%emt 00:00:04]} 3. d5 {[%clk 01:31:14]} {[%emt 00:00:06]} b5 {[%clk
01:31:45]} {[%emt 00:00:04]} 4. Qc2 {[%clk 01:31:36]} {[%emt 00:00:08]} d6
{[%clk 01:28:29]} {[%emt 00:03:47]} 5. e4 {[%clk 01:31:54]} {[%emt 00:00:11]}
bxc4 {[%clk 01:28:16]} {[%emt 00:00:44]} 6. Bxc4 {[%clk 01:32:11]} {[%emt
00:00:12]} g6 {[%clk 01:28:43]} {[%emt 00:00:04]} 7. Nc3 {[%clk 01:29:21]}
{[%emt 00:03:19]} Bg7 {[%clk 01:29:07]} {[%emt 00:00:07]} 8. f4 {[%clk
01:25:03]} {[%emt 00:04:47]} O-O {[%clk 01:27:59]} {[%emt 00:01:39]} 9. Nf3
{[%clk 01:25:08]} {[%emt 00:00:24]} Nbd7 {[%clk 01:28:13]} {[%emt 00:00:17]} 10.
O-O {[%clk 01:19:18]} {[%emt 00:06:19]} Nb6 {[%clk 01:27:56]} {[%emt 00:00:48]}
11. Bd3 {[%clk 01:14:30]} {[%emt 00:05:18]} e6 {[%clk 01:17:22]} {[%emt
00:11:04]} 12. dxe6 {[%clk 01:14:35]} {[%emt 00:00:25]} Bxe6 {[%clk 01:17:48]}
{[%emt 00:00:04]} 13. a4 {[%clk 01:12:34]} {[%emt 00:02:31]} a5 {[%clk
01:14:42]} {[%emt 00:03:36]} 14. e5 {[%clk 01:05:04]} {[%emt 00:07:59]} dxe5
{[%clk 01:11:47]} {[%emt 00:03:26]} 15. fxe5 {[%clk 01:05:23]} {[%emt
00:00:10]} Nfd5 {[%clk 01:12:07]} {[%emt 00:00:11]} 16. Nxd5 {[%clk 01:04:54]}
{[%emt 00:00:59]} Nxd5 {[%clk 01:09:27]} {[%emt 00:03:09]} 17. Qxc5 {[%clk
01:03:57]} {[%emt 00:01:27]} Rc8 {[%clk 01:09:44]} {[%emt 00:00:13]} 18. Qf2
{[%clk 00:57:40]} {[%emt 00:06:47]} Nb4 {[%clk 01:08:46]} {[%emt 00:01:28]} 19.
Be4 {[%clk 00:57:40]} {[%emt 00:00:29]} Nd3 {[%clk 01:05:18]} {[%emt 00:03:59]}
20. Bxd3 {[%clk 00:57:42]} {[%emt 00:00:29]} Qxd3 {[%clk 01:05:41]} {[%emt
00:00:07]} 21. Bf4 {[%clk 00:51:37]} {[%emt 00:06:35]} Rc2 {[%clk 01:04:23]}
{[%emt 00:01:47]} 22. Ne1 {[%clk 00:50:40]} {[%emt 00:01:26]} Rxf2 {[%clk
01:04:19]} {[%emt 00:00:35]} 23. Nxd3 {[%clk 00:51:03]} {[%emt 00:00:07]} Rxf1+
{[%clk 01:04:20]} {[%emt 00:00:29]} 24. Rxf1 {[%clk 00:49:54]} {[%emt
00:01:39]} Rd8 {[%clk 01:00:57]} {[%emt 00:03:53]} 25. Nc5 {[%clk 00:49:40]}
{[%emt 00:00:45]} Bf5 {[%clk 01:01:14]} {[%emt 00:00:12]} 26. Nb7 {[%clk
00:47:33]} {[%emt 00:02:38]} Rd5 {[%clk 00:59:54]} {[%emt 00:01:50]} 27. Nd6
{[%clk 00:44:41]} {[%emt 00:03:21]} Be6 {[%clk 01:00:15]} {[%emt 00:00:09]} 28.
Bg3 {[%clk 00:37:58]} {[%emt 00:07:13]} Bxe5 {[%clk 00:58:05]} {[%emt
00:02:40]} 29. Bxe5 {[%clk 00:38:20]} {[%emt 00:00:09]} Rxe5 {[%clk 00:58:31]}
{[%emt 00:00:03]} 30. Rf4 {[%clk 00:37:38]} {[%emt 00:01:11]} Rc5 {[%clk
00:55:11]} {[%emt 00:03:51]} 31. b4 {[%clk 00:33:35]} {[%emt 00:04:34]} Rc1+
{[%clk 00:54:02]} {[%emt 00:01:38]} 32. Kf2 {[%clk 00:33:59]} {[%emt 00:00:05]}
Rc2+ {[%clk 00:53:52]} {[%emt 00:00:41]} 33. Kf1 {[%clk 00:32:48]} {[%emt
00:01:41]} axb4 {[%clk 00:52:59]} {[%emt 00:01:23]} 34. Rxb4 {[%clk 00:32:47]}
{[%emt 00:00:31]} Bd5 {[%clk 00:53:19]} {[%emt 00:00:10]} 35. Ne4 {[%clk
00:32:54]} {[%emt 00:00:22]} Kg7 {[%clk 00:53:43]} {[%emt 00:00:07]} 36. Rd4
{[%clk 00:33:07]} {[%emt 00:00:16]} Bc6 {[%clk 00:54:04]} {[%emt 00:00:10]} 37.
Nd2 {[%clk 00:33:17]} {[%emt 00:00:20]} Ra2 {[%clk 00:54:28]} {[%emt 00:00:07]}
38. g3 {[%clk 00:30:27]} {[%emt 00:03:19]} Bxa4 {[%clk 00:54:48]} {[%emt
00:00:10]} 39. h4 {[%clk 00:30:27]} {[%emt 00:00:29]} Bc6 {[%clk 00:52:29]}
{[%emt 00:02:49]} 40. Kf2 {[%clk 00:29:33]} {[%emt 00:01:24]} Ra3 {[%clk
00:52:47]} {[%emt 00:00:14]} 41. Rd6 {[%clk 00:29:32]} {[%emt 00:00:30]} Rc3
{[%clk 00:53:12]} {[%emt 00:00:05]} 42. Rd4 {[%clk 00:29:54]} {[%emt 00:00:09]}
f5 {[%clk 00:53:34]} {[%emt 00:00:08]} 43. Rc4 {[%clk 00:28:42]} {[%emt
00:01:40]} Rd3 {[%clk 00:54:00]} {[%emt 00:00:05]} 44. Rxc6 {[%clk 00:28:45]}
{[%emt 00:00:28]} Rxd2+ {[%clk 00:54:25]} {[%emt 00:00:05]} 45. Ke3 {[%clk
00:29:04]} {[%emt 00:00:09]} Rd7 {[%clk 00:54:44]} {[%emt 00:00:12]} 46. h5
{[%clk 00:28:44]} {[%emt 00:00:49]} Kh6 {[%clk 00:55:07]} {[%emt 00:00:08]} 47.
hxg6 {[%clk 00:29:07]} {[%emt 00:00:08]} hxg6 {[%clk 00:55:33]} {[%emt
00:00:03]} 48. Kf3 {[%clk 00:27:09]} {[%emt 00:02:28]} Rd4 {[%clk 00:55:54]}
{[%emt 00:00:09]} 49. Ra6 {[%clk 00:27:17]} {[%emt 00:00:22]} Kh5 {[%clk
00:55:55]} {[%emt 00:00:30]} 50. Ra5 {[%clk 00:26:49]} {[%emt 00:00:57]} Kg5
{[%clk 00:56:12]} {[%emt 00:00:13]} 51. Rb5 {[%clk 00:27:08]} {[%emt 00:00:11]}
Rd3+ {[%clk 00:56:30]} {[%emt 00:00:12]} 52. Kf2 {[%clk 00:27:26]} {[%emt
00:00:11]} Rc3 {[%clk 00:55:46]} {[%emt 00:01:16]} 53. Ra5 {[%clk 00:27:47]}
{[%emt 00:00:08]} Rc6 {[%clk 00:55:25]} {[%emt 00:00:51]} 54. Kf3 {[%clk
00:28:05]} {[%emt 00:00:12]} Kf6 {[%clk 00:55:04]} {[%emt 00:00:52]} 55. Rb5
{[%clk 00:28:24]} {[%emt 00:00:10]} g5 {[%clk 00:53:26]} {[%emt 00:02:08]} 56.
Ra5 {[%clk 00:28:01]} {[%emt 00:00:52]} Rc2 {[%clk 00:53:32]} {[%emt 00:00:24]}
57. Ra6+ {[%clk 00:27:45]} {[%emt 00:00:47]} Kf7 {[%clk 00:52:49]} {[%emt
00:01:13]} 58. Rb6 {[%clk 00:27:51]} {[%emt 00:00:24]} Ra2 {[%clk 00:52:25]}
{[%emt 00:00:54]} 59. Rc6 {[%clk 00:28:01]} {[%emt 00:00:20]} Ra4 {[%clk
00:52:34]} {[%emt 00:00:21]} 60. Rb6 {[%clk 00:28:23]} {[%emt 00:00:08]} Re4
{[%clk 00:52:59]} {[%emt 00:00:05]} 61. Ra6 {[%clk 00:28:47]} {[%emt 00:00:06]}
Re6 {[%clk 00:53:24]} {[%emt 00:00:06]} 62. Ra8 {[%clk 00:28:18]} {[%emt
00:00:57]} Rb6 {[%clk 00:53:41]} {[%emt 00:00:14]} 63. Rh8 {[%clk 00:27:59]}
{[%emt 00:00:49]} Rb3+ {[%clk 00:53:42]} {[%emt 00:00:29]} 64. Kf2 {[%clk
00:28:19]} {[%emt 00:00:10]} g4 {[%clk 00:54:02]} {[%emt 00:00:11]} 65. Rh6
{[%clk 00:28:08]} {[%emt 00:00:37]} Rf3+ {[%clk 00:54:17]} {[%emt 00:00:18]} 66.
Kg2 {[%clk 00:28:36]} {[%emt 00:00:02]} Re3 {[%clk 00:54:40]} {[%emt 00:00:08]}
67. Ra6 {[%clk 00:28:48]} {[%emt 00:00:18]} Re2+ {[%clk 00:55:04]} {[%emt
00:00:05]} 68. Kg1 {[%clk 00:29:02]} {[%emt 00:00:14]} Re6 {[%clk 00:55:31]}
{[%emt 00:00:05]} 69. Ra5 {[%clk 00:29:15]} {[%emt 00:00:17]} Kf6 {[%clk
00:55:56]} {[%emt 00:00:05]} 70. Kf2 {[%clk 00:29:40]} {[%emt 00:00:04]} Rd6
{[%clk 00:56:21]} {[%emt 00:00:06]} 71. Rb5 {[%clk 00:30:03]} {[%emt 00:00:06]}
Ke6 {[%clk 00:56:43]} {[%emt 00:00:09]} 72. Ra5 {[%clk 00:30:20]} {[%emt
00:00:13]} Rd5 {[%clk 00:57:06]} {[%emt 00:00:07]} 73. Ra6+ {[%clk 00:29:38]}
{[%emt 00:01:12]} Ke5 {[%clk 00:57:30]} {[%emt 00:00:07]} 74. Ke3 {[%clk
00:30:02]} {[%emt 00:00:05]} Rb5 {[%clk 00:57:52]} {[%emt 00:00:08]} 75. Ra4
{[%clk 00:30:14]} {[%emt 00:00:19]} Rb2 {[%clk 00:58:12]} {[%emt 00:00:09]} 76.
Ra5+ {[%clk 00:30:32]} {[%emt 00:00:13]} Kf6 {[%clk 00:58:36]} {[%emt
00:00:05]} 77. Ra6+ {[%clk 00:27:35]} {[%emt 00:03:27]} Kg5 {[%clk 00:58:45]}
{[%emt 00:00:21]} 78. Ra8 {[%clk 00:27:36]} {[%emt 00:00:29]} Rg2 {[%clk
00:58:21]} {[%emt 00:00:54]} 79. Rg8+ {[%clk 00:27:58]} {[%emt 00:00:08]} Kf6
{[%clk 00:58:46]} {[%emt 00:00:05]} 80. Rf8+ {[%clk 00:28:18]} {[%emt
00:00:10]} Ke6 {[%clk 00:59:05]} {[%emt 00:00:11]} 81. Kf4 {[%clk 00:25:26]}
{[%emt 00:03:21]} Rf2+ {[%clk 00:59:30]} {[%emt 00:00:06]} 82. Kg5 {[%clk
00:25:50]} {[%emt 00:00:05]} Ke5 {[%clk 00:59:14]} {[%emt 00:00:47]} 83. Re8+
{[%clk 00:26:05]} {[%emt 00:00:15]} Kd4 {[%clk 00:59:16]} {[%emt 00:00:28]} 84.
Re7 {[%clk 00:25:27]} {[%emt 00:01:07]} Rf3 {[%clk 00:59:14]} {[%emt 00:00:33]}
85. Re8 {[%clk 00:24:52]} {[%emt 00:01:05]} Rf1 {[%clk 00:58:05]} {[%emt
00:01:38]} 86. Re7 {[%clk 00:25:03]} {[%emt 00:00:19]} f4 {[%clk 00:57:51]}
{[%emt 00:00:45]} 87. Kxg4 {[%clk 00:18:51]} {[%emt 00:06:41]} fxg3 {[%clk
00:57:30]} {[%emt 00:00:52]} 88. Kxg3 {[%clk 00:19:07]} {[%emt 00:00:13]} Rf5
{[%clk 00:57:56]} {[%emt 00:00:05]} 89. Kg4 {[%clk 00:19:17]} {[%emt 00:00:20]}
Re5 {[%clk 00:58:24]} {[%emt 00:00:03]} 90. Rd7+ {[%clk 00:19:37]} {[%emt
00:00:09]} Rd5 {[%clk 00:58:50]} {[%emt 00:00:04]} 91. Rxd5+ {[%clk 00:18:48]}
{[%emt 00:00:04]} Kxd5 {[%clk 00:58:50]} 1/2-1/2

[Event "English Open Championship 2024"]
[Site "Holiday Inn, 212 Abbey End, Kenilworth CV8 1ED, United Kingdom"]
[Date "2024.06.21"]
[Round "3.12"]
[White "Stoica, Savas Marin"]
[Black "Shearsby, Jude"]
[Result "0-1"]
[TimeControl "G90 + 30secs/move"]
[WhiteFideId "464309"]
[BlackFideId "462527"]
[WhiteElo "2115"]
[BlackElo "2092"]

1. d4 {[%clk 01:30:51]} {[%emt 00:00:07]} Nf6 {[%clk 01:30:30]} {[%emt
00:00:21]} 2. c4 {[%clk 01:30:53]} {[%emt 00:00:37]} g6 {[%clk 01:30:53]}
{[%emt 00:00:07]} 3. Nc3 {[%clk 01:31:15]} {[%emt 00:00:08]} Bg7 {[%clk
01:31:04]} {[%emt 00:00:19]} 4. e4 {[%clk 01:30:56]} {[%emt 00:00:49]} d6
{[%clk 01:31:32]} {[%emt 00:00:03]} 5. h3 {[%clk 01:31:19]} {[%emt 00:00:06]}
O-O {[%clk 01:29:43]} {[%emt 00:02:19]} 6. Bg5 {[%clk 01:31:13]} {[%emt
00:00:36]} c5 {[%clk 01:23:31]} {[%emt 00:06:41]} 7. d5 {[%clk 01:30:34]}
{[%emt 00:01:10]} a6 {[%clk 01:21:36]} {[%emt 00:02:25]} 8. a4 {[%clk
01:20:26]} {[%emt 00:10:39]} h6 {[%clk 01:17:35]} {[%emt 00:04:29]} 9. Be3
{[%clk 01:20:28]} {[%emt 00:00:29]} e6 {[%clk 01:17:46]} {[%emt 00:00:21]} 10.
Bd3 {[%clk 01:14:03]} {[%emt 00:06:54]} exd5 {[%clk 01:17:57]} {[%emt
00:00:19]} 11. exd5 {[%clk 01:14:26]} {[%emt 00:00:06]} Re8 {[%clk 01:12:28]}
{[%emt 00:05:59]} 12. Nf3 {[%clk 01:07:47]} {[%emt 00:07:09]} Nh5 {[%clk
01:08:49]} {[%emt 00:04:10]} 13. O-O {[%clk 01:03:57]} {[%emt 00:04:19]} Nd7
{[%clk 01:02:10]} {[%emt 00:07:10]} 14. Qd2 {[%clk 01:01:10]} {[%emt 00:03:16]}
Kh7 {[%clk 00:59:55]} {[%emt 00:02:44]} 15. Ne2 {[%clk 00:44:56]} {[%emt
00:16:46]} f5 {[%clk 00:52:56]} {[%emt 00:07:29]} 16. Qc2 {[%clk 00:41:43]}
{[%emt 00:03:42]} Nhf6 {[%clk 00:46:15]} {[%emt 00:07:12]} 17. Ng3 {[%clk
00:34:11]} {[%emt 00:08:01]} Ne5 {[%clk 00:43:55]} {[%emt 00:02:49]} 18. Be2
{[%clk 00:33:50]} {[%emt 00:00:52]} b6 {[%clk 00:44:24]} {[%emt 00:00:01]} 19.
Rfd1 {[%clk 00:26:01]} {[%emt 00:08:19]} Nfd7 {[%clk 00:37:47]} {[%emt
00:07:07]} 20. Bd2 {[%clk 00:18:49]} {[%emt 00:07:42]} Nxf3+ {[%clk 00:36:03]}
{[%emt 00:02:14]} 21. Bxf3 {[%clk 00:19:15]} {[%emt 00:00:04]} Qh4 {[%clk
00:36:19]} {[%emt 00:00:15]} 22. Nf1 {[%clk 00:15:01]} {[%emt 00:04:43]} Ne5
{[%clk 00:36:02]} {[%emt 00:00:47]} 23. Ra3 {[%clk 00:15:23]} {[%emt 00:00:08]}
Qxc4 {[%clk 00:30:55]} {[%emt 00:05:37]} 0-1

[Event "English Open Championship 2024"]
[Site "Holiday Inn, 212 Abbey End, Kenilworth CV8 1ED, United Kingdom"]
[Date "2024.06.21"]
[Round "3.13"]
[White "Balaji, Aaravamudhan"]
[Black "Vaidyanathan, Adithya"]
[Result "1/2-1/2"]
[TimeControl "G90 + 30secs/move"]
[WhiteFideId "436224"]
[BlackFideId "495450"]
[WhiteElo "2346"]
[BlackElo "2002"]

1. Nf3 {[%clk 01:30:57]} Nf6 {[%clk 01:30:56]} {[%emt 00:00:06]} 2. b3 {[%clk
01:31:23]} {[%emt 00:00:04]} c5 {[%clk 01:31:08]} {[%emt 00:00:19]} 3. Bb2
{[%clk 01:30:51]} {[%emt 00:01:00]} d5 {[%clk 01:31:25]} {[%emt 00:00:14]} 4.
e3 {[%clk 01:31:04]} {[%emt 00:00:17]} Nc6 {[%clk 01:31:40]} {[%emt 00:00:15]}
5. Bb5 {[%clk 01:31:28]} {[%emt 00:00:06]} Qb6 {[%clk 01:30:10]} {[%emt
00:02:00]} 6. c4 {[%clk 01:09:40]} {[%emt 00:22:17]} a6 {[%clk 01:27:12]}
{[%emt 00:03:29]} 7. Ba4 {[%clk 01:01:32]} {[%emt 00:08:38]} dxc4 {[%clk
01:23:19]} {[%emt 00:04:23]} 8. Bxf6 {[%clk 01:00:14]} {[%emt 00:01:48]} cxb3
{[%clk 01:20:04]} {[%emt 00:03:45]} 9. Bb2 {[%clk 00:52:58]} {[%emt 00:07:46]}
bxa2 {[%clk 01:18:52]} {[%emt 00:01:42]} 10. Nc3 {[%clk 00:52:37]} {[%emt
00:00:50]} Qxb2 {[%clk 01:19:01]} {[%emt 00:00:22]} 11. Rxa2 {[%clk 00:45:46]}
{[%emt 00:07:21]} Qb6 {[%clk 01:19:06]} {[%emt 00:00:22]} 12. Ne5 {[%clk
00:45:42]} {[%emt 00:00:37]} Be6 {[%clk 01:16:09]} {[%emt 00:03:27]} 13. Ra1
{[%clk 00:40:21]} {[%emt 00:05:51]} Qc7 {[%clk 01:09:10]} {[%emt 00:07:29]} 14.
Qf3 {[%clk 00:29:30]} {[%emt 00:11:21]} Rc8 {[%clk 01:06:46]} {[%emt 00:02:54]}
15. Bxc6+ {[%clk 00:08:22]} {[%emt 00:21:38]} bxc6 {[%clk 01:07:08]} {[%emt
00:00:08]} 16. Nd3 {[%clk 00:07:05]} {[%emt 00:01:47]} Qd6 {[%clk 01:04:16]}
{[%emt 00:03:23]} 17. Nf4 {[%clk 00:07:34]} {[%emt 00:00:01]} Bc4 {[%clk
01:03:12]} {[%emt 00:01:33]} 18. Rc1 {[%clk 00:04:06]} {[%emt 00:03:57]} Bb5
{[%clk 00:27:17]} {[%emt 00:36:26]} 19. Qh5 {[%clk 00:01:07]} {[%emt 00:03:29]}
g6 {[%clk 00:25:55]} {[%emt 00:01:52]} 20. Qg5 {[%clk 00:01:36]} h6 {[%clk
00:25:35]} {[%emt 00:00:50]} 21. Qg4 {[%clk 00:01:53]} {[%emt 00:00:13]} Qd7
{[%clk 00:25:12]} {[%emt 00:00:53]} 22. Qg3 {[%clk 00:01:42]} {[%emt 00:00:41]}
Qf5 {[%clk 00:21:24]} {[%emt 00:04:19]} 23. h4 {[%clk 00:01:09]} {[%emt
00:01:02]} Bg7 {[%clk 00:19:51]} {[%emt 00:02:03]} 24. Qf3 {[%clk 00:01:38]}
{[%emt 00:00:01]} e5 {[%clk 00:17:53]} {[%emt 00:02:28]} 25. Ne4 {[%clk
00:00:50]} {[%emt 00:01:18]} Rd8 {[%clk 00:16:51]} {[%emt 00:01:32]} 26. Ne2
{[%clk 00:01:15]} {[%emt 00:00:05]} Qxf3 {[%clk 00:17:00]} {[%emt 00:00:22]} 27.
gxf3 {[%clk 00:01:44]} {[%emt 00:00:01]} c4 {[%clk 00:16:58]} {[%emt 00:00:32]}
28. h5 {[%clk 00:02:14]} Ke7 {[%clk 00:14:33]} {[%emt 00:02:55]} 29. hxg6
{[%clk 00:02:31]} {[%emt 00:00:13]} fxg6 {[%clk 00:15:01]} {[%emt 00:00:01]} 30.
N2c3 {[%clk 00:02:59]} {[%emt 00:00:01]} Rhf8 {[%clk 00:13:42]} {[%emt
00:01:49]} 31. Ke2 {[%clk 00:03:25]} {[%emt 00:00:05]} Ra8 {[%clk 00:13:37]}
{[%emt 00:00:35]} 32. Rhg1 {[%clk 00:03:19]} {[%emt 00:00:35]} g5 {[%clk
00:13:46]} {[%emt 00:00:22]} 33. Ra1 {[%clk 00:03:40]} {[%emt 00:00:09]} Rf7
{[%clk 00:13:19]} {[%emt 00:00:57]} 34. Ra2 {[%clk 00:02:57]} {[%emt 00:01:13]}
Ke6 {[%clk 00:07:52]} {[%emt 00:05:57]} 35. Nc5+ {[%clk 00:01:18]} {[%emt
00:02:08]} Kd6 {[%clk 00:08:08]} {[%emt 00:00:14]} 36. N5e4+ {[%clk 00:01:46]}
{[%emt 00:00:01]} Kc7 {[%clk 00:07:47]} {[%emt 00:00:47]} 37. Raa1 {[%clk
00:01:16]} {[%emt 00:01:07]} Bf8 {[%clk 00:07:36]} {[%emt 00:00:40]} 38. Rgb1
{[%clk 00:01:33]} {[%emt 00:00:13]} Kb8 {[%clk 00:06:54]} {[%emt 00:01:12]} 39.
Ra2 {[%clk 00:01:07]} {[%emt 00:00:55]} Rfa7 {[%clk 00:07:00]} {[%emt
00:00:25]} 40. Kf1 {[%clk 00:00:44]} {[%emt 00:00:53]} Kc7 {[%clk 00:07:19]}
{[%emt 00:00:11]} 41. Kg2 {[%clk 00:01:04]} {[%emt 00:00:09]} Rb7 {[%clk
00:06:49]} {[%emt 00:01:01]} 42. Ra5 {[%clk 00:00:50]} {[%emt 00:00:43]} Raa7
{[%clk 00:06:59]} {[%emt 00:00:21]} 43. Kf1 {[%clk 00:00:55]} {[%emt 00:00:24]}
Kd7 {[%clk 00:07:03]} {[%emt 00:00:27]} 44. Ke2 {[%clk 00:01:11]} {[%emt
00:00:14]} Ke6 {[%clk 00:07:07]} {[%emt 00:00:26]} 45. Rb2 {[%clk 00:01:06]}
{[%emt 00:00:34]} Kf5 {[%clk 00:07:05]} {[%emt 00:00:33]} 46. Rb1 {[%clk
00:01:03]} {[%emt 00:00:33]} Kg6 {[%clk 00:07:26]} {[%emt 00:00:08]} 47. Rb2
{[%clk 00:00:34]} {[%emt 00:01:00]} Be7 {[%clk 00:07:36]} {[%emt 00:00:20]} 48.
Rb1 {[%clk 00:00:53]} {[%emt 00:00:11]} Bd8 {[%clk 00:07:56]} {[%emt 00:00:09]}
49. Raa1 {[%clk 00:01:08]} {[%emt 00:00:16]} Be7 {[%clk 00:07:51]} {[%emt
00:00:35]} 50. Ra5 {[%clk 00:01:35]} {[%emt 00:00:03]} h5 {[%clk 00:07:29]}
{[%emt 00:00:52]} 51. Kf1 {[%clk 00:02:04]} Kf5 {[%clk 00:07:43]} {[%emt
00:00:15]} 52. Ng3+ {[%clk 00:02:27]} {[%emt 00:00:07]} Kg6 {[%clk 00:07:57]}
{[%emt 00:00:17]} 53. Nge4 {[%clk 00:02:56]} {[%emt 00:00:01]} h4 {[%clk
00:08:15]} {[%emt 00:00:12]} 54. Kg2 {[%clk 00:03:25]} {[%emt 00:00:01]} Rb8
{[%clk 00:06:44]} {[%emt 00:02:01]} 55. Kh3 {[%clk 00:03:19]} {[%emt 00:00:36]}
Rab7 {[%clk 00:06:25]} {[%emt 00:00:50]} 56. Kg4 {[%clk 00:02:35]} {[%emt
00:01:13]} Rb6 {[%clk 00:05:49]} {[%emt 00:01:06]} 57. Rb2 {[%clk 00:02:35]}
{[%emt 00:00:30]} R8b7 {[%clk 00:04:32]} {[%emt 00:01:47]} 58. Rb1 {[%clk
00:02:44]} {[%emt 00:00:21]} Rb8 {[%clk 00:02:58]} {[%emt 00:02:03]} 59. Rb2
{[%clk 00:03:11]} {[%emt 00:00:03]} Rh8 {[%clk 00:02:07]} {[%emt 00:01:21]} 60.
Kh3 {[%clk 00:03:34]} {[%emt 00:00:08]} Rf8 {[%clk 00:01:42]} {[%emt 00:00:55]}
61. Kg4 {[%clk 00:03:43]} {[%emt 00:00:19]} Ra8 {[%clk 00:01:38]} {[%emt
00:00:33]} 62. Rb1 {[%clk 00:02:36]} {[%emt 00:01:40]} Ra7 {[%clk 00:02:05]}
{[%emt 00:00:03]} 63. Rb2 {[%clk 00:02:44]} {[%emt 00:00:22]} Rab7 {[%clk
00:02:31]} {[%emt 00:00:04]} 64. Rb1 {[%clk 00:03:03]} {[%emt 00:00:10]} c5
{[%clk 00:02:50]} {[%emt 00:00:12]} 65. Nxb5 {[%clk 00:03:26]} {[%emt
00:00:06]} axb5 {[%clk 00:03:19]} {[%emt 00:00:01]} 66. Ra8 {[%clk 00:03:47]}
{[%emt 00:00:09]} b4 {[%clk 00:03:27]} {[%emt 00:00:22]} 67. Rc8 {[%clk
00:03:25]} {[%emt 00:00:51]} Rb5 {[%clk 00:02:37]} {[%emt 00:01:21]} 68. Rc6+
{[%clk 00:02:30]} {[%emt 00:01:25]} Kf7 {[%clk 00:03:02]} {[%emt 00:00:04]} 69.
Nxg5+ {[%clk 00:02:44]} {[%emt 00:00:16]} Bxg5 {[%clk 00:03:10]} {[%emt
00:00:22]} 70. Kxg5 {[%clk 00:03:13]} {[%emt 00:00:02]} b3 {[%clk 00:03:09]}
{[%emt 00:00:31]} 71. Rh6 {[%clk 00:03:01]} {[%emt 00:00:41]} b2 {[%clk
00:01:27]} {[%emt 00:02:13]} 72. Rxh4 {[%clk 00:02:53]} {[%emt 00:00:38]} Rb4
{[%clk 00:01:09]} {[%emt 00:00:48]} 73. Rh6 {[%clk 00:01:54]} {[%emt 00:01:29]}
Rd7 {[%clk 00:00:46]} {[%emt 00:00:53]} 74. Rh7+ {[%clk 00:01:17]} {[%emt
00:01:06]} Ke6 {[%clk 00:01:15]} {[%emt 00:00:02]} 75. Rxd7 {[%clk 00:01:08]}
{[%emt 00:00:39]} Kxd7 {[%clk 00:01:44]} 76. Kf5 {[%clk 00:01:36]} {[%emt
00:00:01]} Kd6 {[%clk 00:02:14]} {[%emt 00:00:01]} 77. f4 {[%clk 00:01:38]}
{[%emt 00:00:28]} exf4 {[%clk 00:02:20]} {[%emt 00:00:24]} 78. e4 {[%clk
00:02:07]} Rb8 {[%clk 00:02:15]} {[%emt 00:00:35]} 79. Kxf4 {[%clk 00:02:27]}
{[%emt 00:00:10]} Ke6 {[%clk 00:02:23]} {[%emt 00:00:23]} 80. Ke3 {[%clk
00:02:16]} {[%emt 00:00:40]} Rb3+ {[%clk 00:02:40]} {[%emt 00:00:14]} 81. Kf4
{[%clk 00:02:44]} {[%emt 00:00:02]} Kf6 {[%clk 00:02:41]} {[%emt 00:00:29]} 82.
e5+ {[%clk 00:02:35]} {[%emt 00:00:39]} Ke6 {[%clk 00:03:10]} {[%emt 00:00:01]}
83. Ke4 {[%clk 00:02:56]} {[%emt 00:00:09]} Rb4 {[%clk 00:03:37]} {[%emt
00:00:03]} 84. f4 {[%clk 00:03:17]} {[%emt 00:00:09]} c3+ {[%clk 00:03:21]}
{[%emt 00:00:46]} 85. Kd3 {[%clk 00:03:41]} {[%emt 00:00:05]} cxd2 {[%clk
00:03:45]} {[%emt 00:00:07]} 86. Kxd2 {[%clk 00:04:04]} {[%emt 00:00:06]} Rxf4
{[%clk 00:04:08]} {[%emt 00:00:08]} 87. Rxb2 {[%clk 00:04:22]} {[%emt
00:00:11]} Kxe5 {[%clk 00:04:35]} {[%emt 00:00:03]} 88. Kc3 {[%clk 00:04:23]}
{[%emt 00:00:29]} Kd5 {[%clk 00:04:33]} {[%emt 00:00:34]} 89. Rd2+ {[%clk
00:04:47]} {[%emt 00:00:05]} Kc6 {[%clk 00:04:41]} {[%emt 00:00:22]} 90. Rd8
{[%clk 00:05:01]} {[%emt 00:00:16]} Rh4 {[%clk 00:04:59]} {[%emt 00:00:11]} 91.
Rc8+ {[%clk 00:05:13]} {[%emt 00:00:18]} Kb6 {[%clk 00:05:24]} {[%emt
00:00:06]} 92. Rb8+ {[%clk 00:05:39]} {[%emt 00:00:03]} Kc7 {[%clk 00:05:46]}
{[%emt 00:00:09]} 93. Rg8 {[%clk 00:06:04]} {[%emt 00:00:05]} Rf4 {[%clk
00:06:10]} {[%emt 00:00:05]} 94. Rh8 {[%clk 00:06:05]} {[%emt 00:00:29]} Rd4
{[%clk 00:06:22]} {[%emt 00:00:18]} 95. Rg8 {[%clk 00:06:27]} {[%emt 00:00:08]}
Re4 {[%clk 00:06:28]} {[%emt 00:00:25]} 96. Rh8 {[%clk 00:06:50]} {[%emt
00:00:06]} Rg4 {[%clk 00:06:54]} {[%emt 00:00:04]} 97. Rf8 {[%clk 00:07:17]}
{[%emt 00:00:04]} Kd7 {[%clk 00:07:15]} {[%emt 00:00:09]} 98. Rh8 {[%clk
00:07:34]} {[%emt 00:00:12]} 1/2-1/2